Modern rhetoric / (Record no. 3359)
[ view plain ]
| 000 -LEADER | |
|---|---|
| fixed length control field | 00814cam a22002531 4500 |
| 001 - CONTROL NUMBER | |
| control field | 0000003483 |
| 005 - DATE AND TIME OF LATEST TRANSACTION | |
| control field | 20170406115047.0 |
| 008 - FIXED-LENGTH DATA ELEMENTS--GENERAL INFORMATION | |
| fixed length control field | 750114s1961 nyua 000 0 eng |
| 010 ## - LIBRARY OF CONGRESS CONTROL NUMBER | |
| LC control number | 61011428 |
| 035 ## - SYSTEM CONTROL NUMBER | |
| -- | (DLC) 61011428 |
| 035 ## - SYSTEM CONTROL NUMBER | |
| System control number | (OCoLC)1140088 |
| 040 ## - CATALOGING SOURCE | |
| Original cataloging agency | DLC |
| Transcribing agency | OYesA |
| Modifying agency | OCoLC |
| -- | DLC |
| 042 ## - AUTHENTICATION CODE | |
| Authentication code | emarc=LC PreMARC Retrospective Conversion Project |
| 050 00 - LIBRARY OF CONGRESS CALL NUMBER | |
| Classification number | PE1408 |
| Item number | .B699 1961 |
| 082 0# - DEWEY DECIMAL CLASSIFICATION NUMBER | |
| Classification number | 808 |
| 100 1# - MAIN ENTRY--PERSONAL NAME | |
| Personal name | Brooks, Cleanth, |
| Dates associated with a name | 1906-1994. |
| 245 10 - TITLE STATEMENT | |
| Title | Modern rhetoric / |
| Statement of responsibility, etc. | [by] Cleanth Brooks [and] Robert Penn Warren. |
| 250 ## - EDITION STATEMENT | |
| Edition statement | Shorter ed. |
| 260 ## - PUBLICATION, DISTRIBUTION, ETC. | |
| Place of publication, distribution, etc. | New York : |
| Name of publisher, distributor, etc. | Harcourt, Brace & World, |
| Date of publication, distribution, etc. | [1961] |
| 300 ## - PHYSICAL DESCRIPTION | |
| Extent | 376 p. : |
| Other physical details | illus. ; |
| Dimensions | 22 cm. |
| 650 #0 - SUBJECT ADDED ENTRY--TOPICAL TERM | |
| Topical term or geographic name entry element | English language |
| General subdivision | Rhetoric. |
| 700 1# - ADDED ENTRY--PERSONAL NAME | |
| Personal name | Warren, Robert Penn, |
| Dates associated with a name | 1905-1989, |
| Relator term | joint author. |
| 908 ## - PUT COMMAND PARAMETER (RLIN) | |
| Put command parameter | 140618 |
| Withdrawn status | Lost status | Source of classification or shelving scheme | Damaged status | Not for loan | Home library | Current library | Shelving location | Date acquired | Total Checkouts | Full call number | Barcode | Date last seen | Copy number | Price effective from | Koha item type |
|---|---|---|---|---|---|---|---|---|---|---|---|---|---|---|---|
| CUZ Harare Campus | CUZ Harare Campus | Open Shelf | 06.04.2017 | PN 173,A7 R6 | BK0004005 | 06.04.2017 | CU5773 | 06.04.2017 | OS Book |